000 00601nam a2200229Ia 4500
003 OSt
005 20220918210450.0
006 a|||||r|||| 00| 0
007 ta
008 220917b |||||||| |||| 00| 0 eng d
024 _a120,641
037 _cTextual
040 _aARTS
_cARTS
_beng
041 _2eng
_aeng
082 _aV688:21wANT, J2
100 _aOpwa A
_9118345
245 0 _aEast African chief in England
_b A chief of the Acholi People of Uganda
260 _c1952
650 _aHISTORY
942 _hV688:21wANT, J2
_cTEXL
_2CC
999 _c243899
_d243899